000 00290nam a22001337a 4500
008 170202b xxu||||| |||| 00| 0 eng d
020 _a9780375415463
041 _aeng
080 _a61
100 _a3
101 _aSHM
245 _aDNA/ THE SECRET OF LIFE
_cWATSON, J.D
942 _2udc
_cBK
999 _c4381
_d4381